[Event "Commonwealth-ch U18"]
[Site "New Delhi"]
[Date "2018.06.28"]
[Round "3"]
[White "Chaitanya, Sairam Mogili"]
[Black "Gokulraj, K."]
[Result "0-1"]
[WhiteElo "1855"]
[BlackElo "1755"]
[PlyCount "70"]
[EventDate "2018.06.26"]
[EventType "swiss"]
[EventRounds "7"]
[EventCountry "IND"]
[SourceTitle "EXT 2019"]
[Source "ChessBase"]
[SourceDate "2018.10.10"]
[SourceVersion "1"]
[SourceVersionDate "2018.10.10"]
[SourceQuality "1"]

1. e4 d6 2. d4 Nf6 3. Nc3 g6 4. Be3 c6 5. f3 Nbd7 6. Qd2 b5 7. d5 cxd5 8. Nxd5 a6 9. Nxf6+ Nxf6 10. 0-0-0 Be6 11. Kb1 Bg7 12. Ne2 0-0 13. Nd4 Bc4 14. Bxc4 bxc4 15. c3 Qc7 16. Bg5 Rab8 17. Bxf6 Bxf6 18. Nc2 Rb5 19. Na3 Rb7 20. Kc2 Qc6 21. Rb1 Qa4+ 22. Kc1 Rfb8 23. Nc2 Qxa2 24. Nb4 Qa4 25. Qc2 Bg5+ 26. Kd1 Qb5 27. h4 Bf4 28. Nd5 Be5 29. Ke2 e6 30. Ne3 Bf4 31. Nd1 d5 32. Kf1 Rd7 33. Nf2 d4 34. cxd4 c3+ 35. Qd3 c2 0-1